书目信息 |
| 书名: | Ethnicity in Canada | |
| 作者: | Alan B. Anderson, James S. Frideres. | |
| 分册号: | ||
| 分册名: | 出版地: | Toronto : |
|
| 出版社: | Butterworths | |
| 出版时间: | c1981. | |
| 页数: | v, 334 p. ; | |
| 开本: | 23 cm. | |
| 丛书名: | ||
| 中图分类号: | ||
| 科图分类号: | ||
| 其他分类号: | C95 | |
| 主题词: | ||
| 电子资源: | ||
| 000 | 00926nam a2200301 a 450 | |
| 001 | E0731007328 | |
| 005 | 20070430083742.82 | |
| 008 | 820331s1981 onc b 001 0 eng | |
| 010 | @a81173322 | |
| 015 | @aC*** | |
| 020 | @a0409811106 (pbk.) :@c$12.95. | |
| 035 | @A(DLC) 81173322 | |
| 040 | @aDLC@cDLC@dDLC | |
| 043 | @an-cn--- | |
| 050 | 00 | @aF1035.A1@bA53 |
| 082 | 00 | @a305.8/00971@2 19 |
| 090 | @aC95 | |
| 099 | @dC95@ex8 | |
| 100 | 1 | @aAnderson, Alan B.,@d1939- |
| 245 | 10 | @aEthnicity in Canada :@btheoretical perspectives / @cAlan B. Anderson, James S. Frideres. |
| 260 | @aToronto :@bButterworths,@cc1981. | |
| 300 | @av, 334 p. ;@c23 cm. | |
| 504 | @aIncludes bibliographies and index. | |
| 650 | 0 | @aEthnicity@zCanada. |
| 651 | 0 | @aCanada@xEthnic relations. |
| 700 | 1 | @aFrideres, James. |
| 906 | @a7@bcbc@corignew@d2@encip@f19@gy-gencatlg | |
| 991 | @bc-GenColl@hF1035.A1@iA53@tCopy 1@wBOOKS | |
| Ethnicity in Canada : : theoretical perspectives / / Alan B. Anderson, James S. Frideres.-Toronto : : Butterworths, , c1981. |
| v, 334 p. ; ; 23 cm. |
| Includes bibliographies and index. |
| ISBN 0409811106 (pbk.) :$12.95. |
| ● |
| 相关链接 |
|
|
|
|
正题名:Ethnicity in Canada
索取号:C95/x8
 
预约/预借
| 序号 | 登录号 | 条形码 | 馆藏地/架位号 | 状态 | 备注 |
| 1 | 6122 | 300061224 | 第二样本阅览室/ [索取号:C95/x8] | 在馆 |